000 nam a22 7a 4500
999 _c8069
_d8069
008 171127b xxu||||| |||| 00| 0 eng d
100 _aMan
_91288
245 _aHindi Story Book
260 _aNew Delhi